Statistics for Countries Closest to Austria by First Two Letters

Click here to take the quiz!

General Stats

  • This quiz has been taken 299 times
  • The average score is 15 of 20

Answer Stats

kmcountrymiles% Correct
0Germany0
98%
0Switzerland0
91%
149France93
89%
0Italy0
88%
0Hungary0
87%
0Slovakia0
87%
0Slovenia0
87%
0Czechia0
85%
0Liechtenstein0
81%
158Poland98
81%
357Belgium222
70%
24Croatia15
66%
405Monaco251
65%
415Montenegro258
65%
218Serbia135
63%
321Luxembourg200
60%
291San Marino181
58%
304Romania189
56%
161Bosnia and
Herzegovina
100
55%
372Ukraine231
45%

Score Distribution

Percentile by Number Answered

Percent of People with Each Score

Your Score History

You have not taken this quiz